Statistics for On This Day (April 29th) Multiple Choice

Click here to take the quiz!

General Stats

  • This quiz has been taken 15 times
  • The average score is 4 of 15

Answer Stats

QuestionAnswer% Correct
1781 – American Revolutionary War: British and French ships clash in the Battle of Fort Royal off the coast of which island ?Martinique
55%
1429 – Joan of Arc arrives to relieve the Siege of which city ?.Orleans
45%
2011 – The Wedding of Prince William and Catherine Middleton takes place in which building ?Westminster Abbey
45%
1954 – Jerry Seinfeld, American comedian, actor, and producer is also born today in which New York borough ?Brooklyn
36%
1945 – Which concentration camp is liberated by United States troops ?Dachau
36%
Today is known as "Shōwa Day" in which country ?Japan
36%
1986 – A fire at the Central library in which city damages or destroys 400,000 books and other items ?Los Angeles
36%
1953 – What type of experimental television broadcast showed an episode of Space Patrol on Los Angeles ABC affiliate KECA-TV. for the first time ?3-D
27%
1991 – A cyclone strikes, with winds over 155 mph, killing at least 138,000 people and leaving as many as ten million homeless in which country ?Bangladesh
27%
1945 – World War II: Start of Operation Manna. What was it's aim ?Humanitarian Food Drops
18%
1924 – Zizi Jeanmaire, French ballerina and actress is born. She is mentioned in which well known song ?"Where Do You Go To (My Lovely)?" by Peter Sarstedt
18%
2015 – A baseball game between the Baltimore Orioles and the Chicago White Sox sets the all-time low attendance mark for Major League Baseball. How many fans attended ?Zero
18%
1903 – A 30 million cubic-metre landslide kills 70 people in Frank, in which Canadian Province ?.Alberta
9%
1916 – Easter Rising: After six days of fighting, Irish rebel leaders surrender to British forces in which city, bringing the Easter Rising to an end ?Dublin
9%
1945 – The Italian commune of Fornovo di Taro is liberated from German forces by forces from which country ?Brazil
0%

Score Distribution

Percentile by Number Answered

Percent of People with Each Score

Your Score History

You have not taken this quiz